| 000 | 00720nam a2200229Ia 4500 | ||
|---|---|---|---|
| 008 | 220204s9999 xx 000 0 und d | ||
| 082 |
_a577.1:58/581 _bPRI |
||
| 245 | 0 | _aPlant carbohydrate biochemistry: Proceedings of the phytochemical society symposium Heriot-Watt university Edinburg, Scottland, April 1973 | |
| 260 |
_aLondon _bAcademic _c1974 |
||
| 490 | _aPhytochemical Society symposium series. 10 | ||
| 650 | _aAlgae | ||
| 650 | _aBiosynthesis | ||
| 650 | _aCarbohydrate biochemistry | ||
| 650 | _aGlycoprotein | ||
| 650 | _aHemicelluloses | ||
| 650 | _aMetabolism | ||
| 650 | _aPlant glycolipid | ||
| 650 | _aPlant polyols | ||
| 650 | _aStarch metabolism | ||
| 700 | _aPRIDHAM, J B | ||
| 942 | _cBK | ||
| 999 |
_c36764 _d36764 |
||